Análisis sísmico de edificios con respuesta acoplada en torsión

Gorde:
Xehetasun bibliografikoak
Egile nagusia: Cruz Azofeifa, Miguel Francisco
Formatua: Ezezaguna
Argitaratua: [San José, Costa Rica] 1978
Gaiak:
Etiketak: Etiketa erantsi
Etiketarik gabe, Izan zaitez lehena erregistro honi etiketa jartzen!

MARC

LEADER 00000 a2200000 4500
003 000794
005 20221231143734.0
008 140114s1978 c a m 000 ||s d
040 |c cru CEDI 
090 |a TFG 792 
100 |a Cruz Azofeifa, Miguel Francisco  |9 1020 
245 |a Análisis sísmico de edificios con respuesta acoplada en torsión 
260 |c 1978  |a [San José, Costa Rica] 
300 |a  126 hojas : ilustraciones ; 28 cm  
500 |a  Tesis (ingeniero civil)--Universidad de Costa Rica.  
650 |x CONSTRUCCIONES ANTISISMICAS  |9 16305 
942 |c TFG 
999 |c 11082  |d 11082